Breastfeeding the Newborn:clinical strategies for nurses (Record no. 6117)

MARC details
000 -LEADER
fixed length control field 00536nam a22002057a 4500
003 - CONTROL NUMBER IDENTIFIER
control field OSt
005 - DATE AND TIME OF LATEST TRANSACTION
control field 20180619140752.0
008 - FIXED-LENGTH DATA ELEMENTS--GENERAL INFORMATION
fixed length control field 180619b xxu||||| |||| 00| 0 eng d
020 ## - INTERNATIONAL STANDARD BOOK NUMBER
International Standard Book Number 9780323017459
040 ## - CATALOGING SOURCE
Transcribing agency DNLM
082 ## - DEWEY DECIMAL CLASSIFICATION NUMBER
Classification number WS125 B47b 2003
100 ## - MAIN ENTRY--PERSONAL NAME
Personal name Biancuzzo, Marie
9 (RLIN) 12658
245 ## - TITLE STATEMENT
Title Breastfeeding the Newborn:clinical strategies for nurses
250 ## - EDITION STATEMENT
Edition statement 2nd ed.
260 ## - PUBLICATION, DISTRIBUTION, ETC. (IMPRINT)
Place of publication, distribution, etc. Missouri; Mosby, 2003
300 ## - PHYSICAL DESCRIPTION
Extent xiii,545p;ill: 23cm
650 ## - SUBJECT ADDED ENTRY--TOPICAL TERM
Topical term or geographic name as entry element Breast feeding
9 (RLIN) 4246
650 ## - SUBJECT ADDED ENTRY--TOPICAL TERM
Topical term or geographic name as entry element Newborn
9 (RLIN) 3536
942 ## - ADDED ENTRY ELEMENTS (KOHA)
Source of classification or shelving scheme Other/Generic Classification Scheme
Koha item type Book
Holdings
Withdrawn status Lost status Source of classification or shelving scheme Damaged status Not for loan Home library Current library Date acquired Source of acquisition Inventory number Total Checkouts Full call number Barcode Date last seen Koha item type
    Other/Generic Classification Scheme     MUST Main Library MUST Main Library 19/06/2018   18/039   WS125 B47b 2003 2018-0267 19/06/2018 Book
    Other/Generic Classification Scheme     MUST Main Library MUST Main Library 19/06/2018   18/038   WS125 B47b 2003 2018-0268 19/06/2018 Book
    Other/Generic Classification Scheme     MUST Main Library MUST Main Library 19/06/2018   18/037   WS125 B47b 2003 2018-0269 19/06/2018 Book
    Other/Generic Classification Scheme     MUST Main Library MUST Main Library 19/06/2018   18/036   WS125 B47b 2003 2018-0270 19/06/2018 Book
    Other/Generic Classification Scheme     MUST Main Library MUST Main Library 19/06/2018   18/035   WS125 B47b 2003 2018-0271 19/06/2018 Book
    Other/Generic Classification Scheme     MUST Main Library MUST Main Library 19/06/2018   18/034   WS125 B47b 2003 2018-0272 19/06/2018 Book
    Other/Generic Classification Scheme     MUST Main Library MUST Main Library 19/06/2018   18/033   WS125 B47b 2003 2018-0273 19/06/2018 Book